000 00426nam a2200181Ia 4500
008 210210b1912 xxu||||| |||| 00| 0 eng d
041 _aeng
082 _a444/557
100 _aWRIGHT (Conrad)
245 _aHistory of French literature
260 _aNew York
_bOxford University Press
_c1912
650 _aof
650 _aliterature
650 _aHistory
650 _aFrench
690 _aFrench
906 _a006751
999 _c129747
_d129747